000
00190 a2200097 4500
001
5809
100
_a
Hinton,Ch
245
_a
Fourth dimension
260
_a
_b
Allen
_c
090
_c
4775
_d
4775
942
_a
NUST-CAE
_c
M
_c
31128
999
_c
240882
_d
240882